| Tag |
First Indicator |
Second Indicator |
Subfields |
| LEADER |
00000cas a2200000 4500 |
| 001 |
in00000045415 |
| 005 |
20151007073051.0 |
| 008 |
760712d19601990nyumr1p 0 a0eng |
| 010 |
|
|
|a 68140982
|
| 019 |
|
|
|a 1770739
|
| 022 |
0 |
|
|a 0010-7832
|
| 035 |
|
|
|a (OCoLC)02446184
|
| 035 |
|
|
|9 AAE9064AM
|
| 040 |
|
|
|a DLC
|c QPR
|d UCU
|d NSD
|d MUL
|d OCL
|d NSD
|d TXA
|d UtOrBLW
|
| 042 |
|
|
|a nsdp
|a lc
|
| 049 |
|
|
|a TXAE
|
| 050 |
0 |
0 |
|a TS840
|b .C65
|
| 222 |
|
0 |
|a Contract
|b (New York)
|
| 245 |
0 |
0 |
|a Contract.
|
| 264 |
|
1 |
|a [New York] :
|b [H.M.S. Publications, etc.],
|c -[1990]
|
| 264 |
|
4 |
|c ©1990
|
| 300 |
|
|
|a 32 volumes :
|b illustrations, plans, portraits ;
|c 31 cm.
|
| 310 |
|
|
|a Monthly
|
| 336 |
|
|
|a text
|b txt
|2 rdacontent
|
| 337 |
|
|
|a unmediated
|b n
|2 rdamedia
|
| 338 |
|
|
|a volume
|b nc
|2 rdacarrier
|
| 362 |
0 |
|
|a Vol. 1 (Nov. 1960)-v. 32, issue 9 (Sept. 1990).
|
| 500 |
|
|
|a "Business magazine of commercial/industrial design, planning, furnishing."
|
| 500 |
|
|
|a Imprint varies.
|
| 650 |
|
0 |
|a Furniture industry and trade
|v Periodicals.
|
| 650 |
|
0 |
|a Interior decoration
|v Periodicals.
|
| 785 |
0 |
0 |
|t Contract design
|x 1053-5632
|w (DLC) 91659048
|w (OCoLC)22579294
|
| 999 |
|
|
|a MARS
|
| 999 |
f |
f |
|s 671cff54-1062-344b-952e-48fed48808e2
|i 9b412d0b-5211-37d5-b03a-842c40fe6b1a
|t 0
|
| 952 |
f |
f |
|p ric
|a Texas A&M University
|b Rellis Campus
|c Joint Library Facility
|d Remote Storage
|t 0
|e TS840 .C65
|h Library of Congress classification
|i unmediated -- volume
|k v.23:no.5-8
|l 1981:May-Aug.
|m A14839179231
|
| 952 |
f |
f |
|p ric
|a Texas A&M University
|b Rellis Campus
|c Joint Library Facility
|d Remote Storage
|t 0
|e TS840 .C65
|h Library of Congress classification
|i unmediated -- volume
|k v.15:no.10-12
|l 1974:Oct.-Dec.
|m A14839178366
|
| 952 |
f |
f |
|p ric
|a Texas A&M University
|b Rellis Campus
|c Joint Library Facility
|d Remote Storage
|t 0
|e TS840 .C65
|h Library of Congress classification
|i unmediated -- volume
|k v.20:no.7-9
|l 1978:July-Sept.
|m A14839178489
|
| 952 |
f |
f |
|p ric
|a Texas A&M University
|b Rellis Campus
|c Joint Library Facility
|d Remote Storage
|t 0
|e TS840 .C65
|h Library of Congress classification
|i unmediated -- volume
|k v.29:no.1-4
|l 1987:Jan.-Apr.
|m A14811380208
|
| 952 |
f |
f |
|p ric
|a Texas A&M University
|b Rellis Campus
|c Joint Library Facility
|d Remote Storage
|t 0
|e TS840 .C65
|h Library of Congress classification
|i unmediated -- volume
|k v.14:no.1-3
|l 1973:Jan.-Mar.
|m A14839178293
|
| 952 |
f |
f |
|p ric
|a Texas A&M University
|b Rellis Campus
|c Joint Library Facility
|d Remote Storage
|t 0
|e TS840 .C65
|h Library of Congress classification
|i unmediated -- volume
|k v.24:no.1-4
|l 1982:Jan.-Apr.
|m A14839179257
|
| 952 |
f |
f |
|p ric
|a Texas A&M University
|b Rellis Campus
|c Joint Library Facility
|d Remote Storage
|t 0
|e TS840 .C65
|h Library of Congress classification
|i unmediated -- volume
|k v.30:no.6-8
|l 1988:June-Aug.
|m A14812107823
|
| 952 |
f |
f |
|p ric
|a Texas A&M University
|b Rellis Campus
|c Joint Library Facility
|d Remote Storage
|t 0
|e TS840 .C65
|h Library of Congress classification
|i unmediated -- volume
|k v.26:no.5-8
|l 1984:May-Aug.
|m A14839179346
|
| 952 |
f |
f |
|p ric
|a Texas A&M University
|b Rellis Campus
|c Joint Library Facility
|d Remote Storage
|t 0
|e TS840 .C65
|h Library of Congress classification
|i unmediated -- volume
|k v.25:no.5-8
|l 1983:May-Aug.
|m A14839179312
|
| 952 |
f |
f |
|p ric
|a Texas A&M University
|b Rellis Campus
|c Joint Library Facility
|d Remote Storage
|t 0
|e TS840 .C65
|h Library of Congress classification
|i unmediated -- volume
|k v.30:no.11
|l 1988:Nov.
|m A14812107920
|
| 952 |
f |
f |
|p ric
|a Texas A&M University
|b Rellis Campus
|c Joint Library Facility
|d Remote Storage
|t 0
|e TS840 .C65
|h Library of Congress classification
|i unmediated -- volume
|k v.18:no.4-6
|l 1976:Apr.-June
|m A14839178421
|
| 952 |
f |
f |
|p ric
|a Texas A&M University
|b Rellis Campus
|c Joint Library Facility
|d Remote Storage
|t 0
|e TS840 .C65
|h Library of Congress classification
|i unmediated -- volume
|k v.15:no.7-9
|l 1974:July-Sept.
|m A14839178358
|
| 952 |
f |
f |
|p ric
|a Texas A&M University
|b Rellis Campus
|c Joint Library Facility
|d Remote Storage
|t 0
|e TS840 .C65
|h Library of Congress classification
|i unmediated -- volume
|k v.20:no.4-6
|l 1978:Apr.-June
|m A14839178463
|
| 952 |
f |
f |
|p ric
|a Texas A&M University
|b Rellis Campus
|c Joint Library Facility
|d Remote Storage
|t 0
|e TS840 .C65
|h Library of Congress classification
|i unmediated -- volume
|k v.19:no.7-9
|l 1977:July-Sept.
|m A14839179273
|
| 952 |
f |
f |
|p ric
|a Texas A&M University
|b Rellis Campus
|c Joint Library Facility
|d Remote Storage
|t 0
|e TS840 .C65
|h Library of Congress classification
|i unmediated -- volume
|k v.24:no.9-12
|l 1982:Sept.-Dec.
|m A14839179299
|
| 952 |
f |
f |
|p ric
|a Texas A&M University
|b Rellis Campus
|c Joint Library Facility
|d Remote Storage
|t 0
|e TS840 .C65
|h Library of Congress classification
|i unmediated -- volume
|k v.15:no.1-3
|l 1974:Jan.-Mar.
|m A14839178332
|
| 952 |
f |
f |
|p ric
|a Texas A&M University
|b Rellis Campus
|c Joint Library Facility
|d Remote Storage
|t 0
|e TS840 .C65
|h Library of Congress classification
|i unmediated -- volume
|k v.21:no.1-3
|l 1979:Jan.-Mar.
|m A14839178502
|
| 952 |
f |
f |
|p ric
|a Texas A&M University
|b Rellis Campus
|c Joint Library Facility
|d Remote Storage
|t 0
|e TS840 .C65
|h Library of Congress classification
|i unmediated -- volume
|k v.23:no.9-12
|l 1981:Sept.-Dec.
|m A14839179249
|
| 952 |
f |
f |
|p ric
|a Texas A&M University
|b Rellis Campus
|c Joint Library Facility
|d Remote Storage
|t 0
|e TS840 .C65
|h Library of Congress classification
|i unmediated -- volume
|k v.14:no.10-12
|l 1973:Oct.-Dec.
|m A14839178324
|
| 952 |
f |
f |
|p ric
|a Texas A&M University
|b Rellis Campus
|c Joint Library Facility
|d Remote Storage
|t 0
|e TS840 .C65
|h Library of Congress classification
|i unmediated -- volume
|k v.28:no.9-12
|l 1986:Sept.-Dec.
|m A14839179396
|
| 952 |
f |
f |
|p ric
|a Texas A&M University
|b Rellis Campus
|c Joint Library Facility
|d Remote Storage
|t 0
|e TS840 .C65
|h Library of Congress classification
|i unmediated -- volume
|k v.19:no.1-3
|l 1977:Jan.-Mar.
|m A14852639476
|
| 952 |
f |
f |
|p ric
|a Texas A&M University
|b Rellis Campus
|c Joint Library Facility
|d Remote Storage
|t 0
|e TS840 .C65
|h Library of Congress classification
|i unmediated -- volume
|k v.20:no.1-3
|l 1978:Jan.-Mar.
|m A14839178455
|
| 952 |
f |
f |
|p ric
|a Texas A&M University
|b Rellis Campus
|c Joint Library Facility
|d Remote Storage
|t 0
|e TS840 .C65
|h Library of Congress classification
|i unmediated -- volume
|k v.19:no.4-6
|l 1977:Apr.-June
|m A14815692144
|
| 952 |
f |
f |
|p ric
|a Texas A&M University
|b Rellis Campus
|c Joint Library Facility
|d Remote Storage
|t 0
|e TS840 .C65
|h Library of Congress classification
|i unmediated -- volume
|k v.21:no.10-12
|l 1979:Oct.-Dec.
|m A14839178536
|
| 952 |
f |
f |
|p ric
|a Texas A&M University
|b Rellis Campus
|c Joint Library Facility
|d Remote Storage
|t 0
|e TS840 .C65
|h Library of Congress classification
|i unmediated -- volume
|k v.22:no.1-3
|l 1980:Jan.-Mar.
|m A14839178544
|
| 952 |
f |
f |
|p ric
|a Texas A&M University
|b Rellis Campus
|c Joint Library Facility
|d Remote Storage
|t 0
|e TS840 .C65
|h Library of Congress classification
|i unmediated -- volume
|k v.27:no.6
|l 1986:June
|m A14834463512
|
| 952 |
f |
f |
|p ric
|a Texas A&M University
|b Rellis Campus
|c Joint Library Facility
|d Remote Storage
|t 0
|e TS840 .C65
|h Library of Congress classification
|i unmediated -- volume
|k v.30:no.1-3
|l 1988:Jan.-Mar.
|m A14812107726
|
| 952 |
f |
f |
|p ric
|a Texas A&M University
|b Rellis Campus
|c Joint Library Facility
|d Remote Storage
|t 0
|e TS840 .C65
|h Library of Congress classification
|i unmediated -- volume
|k v.22:no.7-9
|l 1980:July-Sept.
|m A14839178560
|
| 952 |
f |
f |
|p ric
|a Texas A&M University
|b Rellis Campus
|c Joint Library Facility
|d Remote Storage
|t 0
|e TS840 .C65
|h Library of Congress classification
|i unmediated -- volume
|k v.21:no.4-6
|l 1979:Apr.-June
|m A14839178510
|
| 952 |
f |
f |
|p ric
|a Texas A&M University
|b Rellis Campus
|c Joint Library Facility
|d Remote Storage
|t 0
|e TS840 .C65
|h Library of Congress classification
|i unmediated -- volume
|k v.15:no.4-6
|l 1974:Apr.-June
|m A14839178340
|
| 952 |
f |
f |
|p ric
|a Texas A&M University
|b Rellis Campus
|c Joint Library Facility
|d Remote Storage
|t 0
|e TS840 .C65
|h Library of Congress classification
|i unmediated -- volume
|k v.30:no.9-10
|l 1988:Sept.-Oct.
|m A14812107873
|
| 952 |
f |
f |
|p ric
|a Texas A&M University
|b Rellis Campus
|c Joint Library Facility
|d Remote Storage
|t 0
|e TS840 .C65
|h Library of Congress classification
|i unmediated -- volume
|k v.18:no.7-9
|l 1976:July-Sept.
|m A14839178439
|
| 952 |
f |
f |
|p ric
|a Texas A&M University
|b Rellis Campus
|c Joint Library Facility
|d Remote Storage
|t 0
|e TS840 .C65
|h Library of Congress classification
|i unmediated -- volume
|k v.25:no.1-4
|l 1983:Jan.-Apr.
|m A14839179304
|
| 952 |
f |
f |
|p ric
|a Texas A&M University
|b Rellis Campus
|c Joint Library Facility
|d Remote Storage
|t 0
|e TS840 .C65
|h Library of Congress classification
|i unmediated -- volume
|k v.14:no.4-6
|l 1973:Apr.-June
|m A14839178308
|
| 952 |
f |
f |
|p ric
|a Texas A&M University
|b Rellis Campus
|c Joint Library Facility
|d Remote Storage
|t 0
|e TS840 .C65
|h Library of Congress classification
|i unmediated -- volume
|k v.13:no.9-12
|l 1972:Sept.-Dec.
|m A14839178285
|
| 952 |
f |
f |
|p ric
|a Texas A&M University
|b Rellis Campus
|c Joint Library Facility
|d Remote Storage
|t 0
|e TS840 .C65
|h Library of Congress classification
|i unmediated -- volume
|k v.17:no.4-6
|l 1975:Apr.-June
|m A14839178382
|
| 952 |
f |
f |
|p ric
|a Texas A&M University
|b Rellis Campus
|c Joint Library Facility
|d Remote Storage
|t 0
|e TS840 .C65
|h Library of Congress classification
|i unmediated -- volume
|k v.17:no.7-9
|l 1975:July-Sept.
|m A14839178390
|
| 952 |
f |
f |
|p ric
|a Texas A&M University
|b Rellis Campus
|c Joint Library Facility
|d Remote Storage
|t 0
|e TS840 .C65
|h Library of Congress classification
|i unmediated -- volume
|k v.11:no.11-12
|l 1979:Nov.-Dec.
|m A14820725457
|
| 952 |
f |
f |
|p ric
|a Texas A&M University
|b Rellis Campus
|c Joint Library Facility
|d Remote Storage
|t 0
|e TS840 .C65
|h Library of Congress classification
|i unmediated -- volume
|k v.24:no.5-8
|l 1982:May-Aug.
|m A14839179265
|
| 952 |
f |
f |
|p ric
|a Texas A&M University
|b Rellis Campus
|c Joint Library Facility
|d Remote Storage
|t 0
|e TS840 .C65
|h Library of Congress classification
|i unmediated -- volume
|k v.12:no.1-6
|l 1971:Jan.-June
|m A14839178251
|
| 952 |
f |
f |
|p ric
|a Texas A&M University
|b Rellis Campus
|c Joint Library Facility
|d Remote Storage
|t 0
|e TS840 .C65
|h Library of Congress classification
|i unmediated -- volume
|k v.30:no.4-5
|l 1988:Apr.-May
|m A14812107776
|
| 952 |
f |
f |
|p ric
|a Texas A&M University
|b Rellis Campus
|c Joint Library Facility
|d Remote Storage
|t 0
|e TS840 .C65
|h Library of Congress classification
|i unmediated -- volume
|k v.26:no.9-12
|l 1984:Sept.-Dec.
|m A14839179354
|
| 952 |
f |
f |
|p ric
|a Texas A&M University
|b Rellis Campus
|c Joint Library Facility
|d Remote Storage
|t 0
|e TS840 .C65
|h Library of Congress classification
|i unmediated -- volume
|k v.19:no.10-12
|l 1977:Oct.-Dec.
|m A14839179281
|
| 952 |
f |
f |
|p ric
|a Texas A&M University
|b Rellis Campus
|c Joint Library Facility
|d Remote Storage
|t 0
|e TS840 .C65
|h Library of Congress classification
|i unmediated -- volume
|k v.27:no.5
|l 1985:May
|m A14834463554
|
| 952 |
f |
f |
|p ric
|a Texas A&M University
|b Rellis Campus
|c Joint Library Facility
|d Remote Storage
|t 0
|e TS840 .C65
|h Library of Congress classification
|i unmediated -- volume
|k v.28:no.1-4
|l 1986:Jan.-Apr.
|m A14839179370
|
| 952 |
f |
f |
|p ric
|a Texas A&M University
|b Rellis Campus
|c Joint Library Facility
|d Remote Storage
|t 0
|e TS840 .C65
|h Library of Congress classification
|i unmediated -- volume
|k v.32:no.4-6
|l 1990:Apr.-June
|m A14812877559
|
| 952 |
f |
f |
|p ric
|a Texas A&M University
|b Rellis Campus
|c Joint Library Facility
|d Remote Storage
|t 0
|e TS840 .C65
|h Library of Congress classification
|i unmediated -- volume
|k v.26:no.1-4
|l 1984:Jan.-Apr.
|m A14839179338
|
| 952 |
f |
f |
|p ric
|a Texas A&M University
|b Rellis Campus
|c Joint Library Facility
|d Remote Storage
|t 0
|e TS840 .C65
|h Library of Congress classification
|i unmediated -- volume
|k v.13:no.5-8
|l 1972:May-Aug.
|m A14839178269
|
| 952 |
f |
f |
|p ric
|a Texas A&M University
|b Rellis Campus
|c Joint Library Facility
|d Remote Storage
|t 0
|e TS840 .C65
|h Library of Congress classification
|i unmediated -- volume
|k v.21:no.7-9
|l 1979:July-Sept.
|m A14839178528
|
| 952 |
f |
f |
|p ric
|a Texas A&M University
|b Rellis Campus
|c Joint Library Facility
|d Remote Storage
|t 0
|e TS840 .C65
|h Library of Congress classification
|i unmediated -- volume
|k v.29:no.9-12
|l 1987:Sept.-Dec.
|m A14811380305
|
| 952 |
f |
f |
|p ric
|a Texas A&M University
|b Rellis Campus
|c Joint Library Facility
|d Remote Storage
|t 0
|e TS840 .C65
|h Library of Congress classification
|i unmediated -- volume
|k v.18:no.10-12
|l 1976:Oct.-Dec.
|m A14839178447
|
| 952 |
f |
f |
|p ric
|a Texas A&M University
|b Rellis Campus
|c Joint Library Facility
|d Remote Storage
|t 0
|e TS840 .C65
|h Library of Congress classification
|i unmediated -- volume
|k v.28:no.5-8
|l 1986:May-Aug.
|m A14839179388
|
| 952 |
f |
f |
|p ric
|a Texas A&M University
|b Rellis Campus
|c Joint Library Facility
|d Remote Storage
|t 0
|e TS840 .C65
|h Library of Congress classification
|i unmediated -- volume
|k v.27:no.2-3
|l 1985:Feb.-Mar.
|m A14834463431
|
| 952 |
f |
f |
|p ric
|a Texas A&M University
|b Rellis Campus
|c Joint Library Facility
|d Remote Storage
|t 0
|e TS840 .C65
|h Library of Congress classification
|i unmediated -- volume
|k v.14:no.7-9
|l 1973:July-Sept.
|m A14839178316
|
| 952 |
f |
f |
|p ric
|a Texas A&M University
|b Rellis Campus
|c Joint Library Facility
|d Remote Storage
|t 0
|e TS840 .C65
|h Library of Congress classification
|i unmediated -- volume
|k v.17:no.10-12
|l 1975:Oct.-Dec.
|m A14839178405
|
| 952 |
f |
f |
|p ric
|a Texas A&M University
|b Rellis Campus
|c Joint Library Facility
|d Remote Storage
|t 0
|e TS840 .C65
|h Library of Congress classification
|i unmediated -- volume
|k v.18:no.1-3
|l 1976:Jan.-Mar.
|m A14839178413
|
| 952 |
f |
f |
|p ric
|a Texas A&M University
|b Rellis Campus
|c Joint Library Facility
|d Remote Storage
|t 0
|e TS840 .C65
|h Library of Congress classification
|i unmediated -- volume
|k v.27:no.9-12
|l 1985:Sept.-Dec.
|m A14839179362
|
| 952 |
f |
f |
|p ric
|a Texas A&M University
|b Rellis Campus
|c Joint Library Facility
|d Remote Storage
|t 0
|e TS840 .C65
|h Library of Congress classification
|i unmediated -- volume
|k v.32:no.1-3
|l 1990:Jan.-Mar.
|m A14812946293
|
| 952 |
f |
f |
|p ric
|a Texas A&M University
|b Rellis Campus
|c Joint Library Facility
|d Remote Storage
|t 0
|e TS840 .C65
|h Library of Congress classification
|i unmediated -- volume
|k v.17:no.1-3
|l 1975:Jan.-Mar.
|m A14839178374
|
| 952 |
f |
f |
|p ric
|a Texas A&M University
|b Rellis Campus
|c Joint Library Facility
|d Remote Storage
|t 0
|e TS840 .C65
|h Library of Congress classification
|i unmediated -- volume
|k v.13:no.1-4
|l 1972:Jan.-Apr.
|m A14839178277
|
| 952 |
f |
f |
|p ric
|a Texas A&M University
|b Rellis Campus
|c Joint Library Facility
|d Remote Storage
|t 0
|e TS840 .C65
|h Library of Congress classification
|i unmediated -- volume
|k v.29:no.5-8
|l 1987:May-Aug.
|m A14811380258
|
| 952 |
f |
f |
|p ric
|a Texas A&M University
|b Rellis Campus
|c Joint Library Facility
|d Remote Storage
|t 0
|e TS840 .C65
|h Library of Congress classification
|i unmediated -- volume
|k v.20:no.10-12
|l 1978:Oct.-Dec.
|m A14839178497
|
| 952 |
f |
f |
|p ric
|a Texas A&M University
|b Rellis Campus
|c Joint Library Facility
|d Remote Storage
|t 0
|e TS840 .C65
|h Library of Congress classification
|i unmediated -- volume
|k v.22:no.10-12
|l 1980:Oct.-Dec.
|m A14839179215
|
| 952 |
f |
f |
|p ric
|a Texas A&M University
|b Rellis Campus
|c Joint Library Facility
|d Remote Storage
|t 0
|e TS840 .C65
|h Library of Congress classification
|i unmediated -- volume
|k v.22:no.4-6
|l 1980:Apr.-June
|m A14839178552
|
| 952 |
f |
f |
|p ric
|a Texas A&M University
|b Rellis Campus
|c Joint Library Facility
|d Remote Storage
|t 0
|e TS840 .C65
|h Library of Congress classification
|i unmediated -- volume
|k v.23:no.1-4
|l 1981:Jan.-Apr.
|m A14839179223
|
| 952 |
f |
f |
|p ric
|a Texas A&M University
|b Rellis Campus
|c Joint Library Facility
|d Remote Storage
|t 0
|e TS840 .C65
|h Library of Congress classification
|i unmediated -- volume
|k v.32:no.7-9
|l 1990:July-Sept.
|m A14852639971
|
| 952 |
f |
f |
|p ric
|a Texas A&M University
|b Rellis Campus
|c Joint Library Facility
|d Remote Storage
|t 0
|e TS840 .C65
|h Library of Congress classification
|i unmediated -- volume
|k v.27:no.1
|l 1985:Jan.
|m A14834463473
|
| 952 |
f |
f |
|p ric
|a Texas A&M University
|b Rellis Campus
|c Joint Library Facility
|d Remote Storage
|t 0
|e TS840 .C65
|h Library of Congress classification
|i unmediated -- volume
|k v.32:no.10-12
|l 1990:Oct.-Dec.
|m A14812951549
|
| 952 |
f |
f |
|p ric
|a Texas A&M University
|b Rellis Campus
|c Joint Library Facility
|d Remote Storage
|t 0
|e TS840 .C65
|h Library of Congress classification
|i unmediated -- volume
|k v.25:no.9-12
|l 1983:Sept.-Dec.
|m A14839179320
|
| 998 |
f |
f |
|a TS840 .C65
|s v.32 (1990)
|t 0
|l Remote Storage
|